[Event "British Championship"]
[Site "?"]
[Date "2009.08.03"]
[Round "7.6"]
[White "Hawkins, Jonathan"]
[Black "Palliser, Richard"]
[Result "0-1"]
[WhiteElo "2325"]
[BlackElo "2413"]
[PlyCount "50"]
[EventDate "2009.08.03"]

1. d4 Nf6 2. c4 c5 3. d5 e6 4. Nc3 exd5 5. cxd5 d6 6. e4 g6 7. Bd3 Bg7 8. Nge2
O-O 9. O-O Ng4 10. Ng3 Qh4 11. h3 Nxf2 12. Rxf2 Qxg3 13. Bf4 Qh4 14. Nb5 a6 15.
Nc7 Ra7 16. Bxd6 Bd4 17. Qd2 Nd7 18. Bxf8 Ne5 19. Raf1 Kxf8 20. Ne6+ Bxe6 21.
dxe6 b6 22. Bc2 Kg7 23. Bb3 fxe6 24. Bxe6 Re7 25. Bd5 Nf3+ 0-1

[Event "British Championship"]
[Site "?"]
[Date "2009.08.03"]
[Round "7.7"]
[White "Eggleston, David"]
[Black "Houska, Jovanka"]
[Result "1-0"]
[WhiteElo "2341"]
[BlackElo "2392"]
[PlyCount "117"]
[EventDate "2009.08.03"]

1. e4 c6 2. d4 d5 3. e5 Bf5 4. Nf3 e6 5. Be2 Nd7 6. O-O Bg6 7. Be3 Nh6 8. Nbd2
Nf5 9. c4 Be7 10. Qb3 Qb6 11. Rfc1 dxc4 12. Nxc4 Qxb3 13. axb3 O-O 14. Bd2 Bh5
15. Bc3 Nh4 16. Ncd2 Nb6 17. Re1 Nxf3+ 18. Bxf3 Bxf3 19. Nxf3 Nd5 20. Nd2 Rfd8
21. Ne4 Rd7 22. g3 Nc7 23. Nd2 Nb5 24. Nf3 Bd8 25. Kg2 Bb6 26. Re4 Rad8 27. Ra4
h6 28. h4 Rd5 29. h5 Nc7 30. Rg4 Rb5 31. Ra3 Nd5 32. Nd2 c5 33. Nf3 a6 34. Bd2
Kh7 35. dxc5 Bxc5 36. Ra5 f5 37. exf6 Nxf6 38. Rxb5 axb5 39. Rg6 Rd5 40. g4 Be7
41. b4 Rd3 42. Bc3 Rxc3 43. bxc3 Nd5 44. Nd4 e5 45. Ne6 Bf6 46. g5 hxg5 47.
Nxg5+ Kg8 48. Ne4 Kf7 49. Kf3 Nf4 50. Rg1 Nxh5 51. Ra1 b6 52. Ra6 Bd8 53. Ra8
Ke7 54. Nd6 Kxd6 55. Rxd8+ Kc7 56. Rd5 e4+ 57. Ke3 Nf6 58. Rxb5 Ng4+ 59. Ke2
1-0

[Event "British Championship"]
[Site "?"]
[Date "2009.08.03"]
[Round "7.8"]
[White "Briscoe, Christopher"]
[Black "Rendle, Thomas"]
[Result "0-1"]
[WhiteElo "2268"]
[BlackElo "2377"]
[PlyCount "60"]
[EventDate "2009.08.03"]

1. d4 f5 2. Nf3 Nf6 3. g3 g6 4. b3 Bg7 5. Bb2 O-O 6. Bg2 d6 7. O-O Qe8 8. Nbd2
Nc6 9. Nc4 e6 10. a4 h6 11. e3 g5 12. Qe2 Bd7 13. Nfd2 f4 14. e4 e5 15. d5 Ne7
16. h3 Ng6 17. g4 f3 18. Nxf3 Nf4 19. Qe3 h5 20. Nxg5 hxg4 21. Ne6 Bxe6 22.
dxe6 Bh6 23. Kh2 Qh5 24. Qg3 Nxh3 25. f4 Nxf4+ 26. Bh3 Nxh3 27. Rf5 Ng5+ 28.
Kg2 Nfxe4 29. Qe3 Rxf5 30. Rh1 Nh3 0-1

[Event "British Championship"]
[Site "?"]
[Date "2009.08.03"]
[Round "7.9"]
[White "Lewis, Andrew P"]
[Black "Littlewood, Paul E"]
[Result "0-1"]
[WhiteElo "2281"]
[BlackElo "2358"]
[PlyCount "90"]
[EventDate "2009.08.03"]

1. Nf3 Nf6 2. c4 g6 3. Nc3 Bg7 4. e4 d6 5. d4 O-O 6. Be2 Nbd7 7. O-O e5 8. Be3
Re8 9. d5 Nh5 10. g3 Bf8 11. Ne1 Ng7 12. Ng2 f5 13. f3 Be7 14. Bf2 a5 15. Rb1
Rf8 16. a3 b6 17. b4 h5 18. exf5 Nxf5 19. Nb5 Nf6 20. Bd3 axb4 21. axb4 Bd7 22.
g4 hxg4 23. fxg4 Ng7 24. h3 Nh7 25. Bxg6 Ng5 26. Rb3 e4 27. Nd4 Ra2 28. h4 Nf7
29. Bxe4 Ne5 30. Qb1 Qa8 31. Nf5 Bxf5 32. gxf5 Nxc4 33. Bd4 Bf6 34. Bxf6 Rxf6
35. Rg3 Nd2 36. Qd3 Nxf1 37. Qxf1 Ra1 38. Ne1 Qe8 39. Qe2 Qe5 40. Qg4 Rf7 41.
Kf2 Rxf5+ 42. Nf3 Ra2+ 43. Ke3 Ra3+ 44. Ke2 Qb2+ 45. Nd2 Rf2+ 0-1

[Event "British Championship"]
[Site "?"]
[Date "2009.08.03"]
[Round "7.10"]
[White "Zhou, Yang-Fan"]
[Black "Arkell, Keith C"]
[Result "1/2-1/2"]
[WhiteElo "2265"]
[BlackElo "2521"]
[PlyCount "139"]
[EventDate "2009.08.03"]

1. e4 e6 2. Nf3 d5 3. Nc3 Nf6 4. e5 Nfd7 5. d4 c5 6. dxc5 Bxc5 7. Bd3 Nc6 8.
Bf4 Be7 9. h4 Nc5 10. Ne2 Nxd3+ 11. Qxd3 Qb6 12. Rb1 Qa5+ 13. Nc3 b6 14. Qb5
Bd7 15. Qxa5 Nxa5 16. Ne2 Nc4 17. Ned4 Rc8 18. O-O h6 19. a4 Rg8 20. g4 Bxh4
21. Nxh4 g5 22. b3 gxf4 23. bxc4 Rxg4+ 24. Ng2 Rxc4 25. Rfd1 Bxa4 26. Rd2 f3
27. Nxf3 Bxc2 28. Ra1 Be4 29. Nfe1 Bxg2 30. Nxg2 Ra4 31. Rda2 b5 32. f4 Raxf4
33. Rxa7 Ra4 34. R1xa4 Rxa4 35. Rb7 Re4 36. Rxb5 Rxe5 37. Rb8+ Ke7 38. Rh8 Rh5
39. Kf2 Kf6 40. Nf4 Rh1 41. Kg2 Rd1 42. Kf3 e5 43. Ng2 Rf1+ 44. Kg4 Kg7 45. Rd8
f5+ 46. Kg3 d4 47. Rd6 Kf7 48. Nh4 Ke7 49. Rxh6 d3 50. Nf3 e4 51. Nd2 Rd1 52.
Nc4 d2 53. Rd6 Rc1 54. Rxd2 Rxc4 55. Kf4 Ke6 56. Ra2 Rc3 57. Ra6+ Kd5 58. Kxf5
Rf3+ 59. Kg4 Rc3 60. Kf4 Rf3+ 61. Kg4 Rf8 62. Ra5+ Kd4 63. Ra4+ Ke3 64. Ra3+
Kf2 65. Ra2+ Kf1 66. Ra1+ Kg2 67. Re1 Re8 68. Kf4 e3 69. Rxe3 Rxe3 70. Kxe3
1/2-1/2

[Event "British Championship"]
[Site "?"]
[Date "2009.08.03"]
[Round "7.11"]
[White "Summerscale, Aaron"]
[Black "Hanley, James L"]
[Result "1-0"]
[WhiteElo "2454"]
[BlackElo "2277"]
[PlyCount "87"]
[EventDate "2009.08.03"]

1. c4 Nf6 2. Nc3 e6 3. e4 d5 4. e5 Ne4 5. Qc2 Nxc3 6. dxc3 d4 7. Bf4 dxc3 8.
Rd1 Qe7 9. Qxc3 Qb4 10. Kd2 Qxc3+ 11. Kxc3 Bc5 12. b4 Bxf2 13. Nf3 a5 14. a3
Nc6 15. Rd2 Ba7 16. Bd3 h6 17. h4 Ne7 18. Be4 c6 19. Rhd1 Bb6 20. Kb2 Bc7 21.
Bh2 Rb8 22. b5 c5 23. Bg1 b6 24. Bh2 O-O 25. Kb3 h5 26. Rd3 Nf5 27. Bxf5 exf5
28. e6 a4+ 29. Kc3 Bxe6 30. Bxc7 Rb7 31. Bf4 f6 32. Rd8 Rxd8 33. Rxd8+ Kf7 34.
Rb8 Re7 35. Rxb6 Bd7 36. Rb7 Kg6 37. Bd6 Re3+ 38. Kd2 Rxa3 39. Rxd7 f4 40. b6
Ra2+ 41. Kc1 a3 42. Ra7 Rf2 43. Rxa3 Rxg2 44. b7 1-0

[Event "British Championship"]
[Site "?"]
[Date "2009.08.03"]
[Round "7.13"]
[White "Buckley, Graeme"]
[Black "Constantinou, Peter"]
[Result "1-0"]
[WhiteElo "2398"]
[BlackElo "2264"]
[PlyCount "105"]
[EventDate "2009.08.03"]

1. d4 d5 2. c4 c6 3. Nf3 Nf6 4. Nc3 dxc4 5. a4 Bf5 6. Ne5 Nbd7 7. Nxc4 Nb6 8.
Ne5 a5 9. g3 e6 10. Bg2 Bb4 11. O-O O-O 12. e3 h6 13. Qe2 Bh7 14. Rd1 Nfd7 15.
Nd3 Bxd3 16. Qxd3 Qe7 17. b3 e5 18. Bb2 Rfd8 19. Ne2 Nf6 20. e4 Nfd7 21. Qe3 f6
22. Rac1 c5 23. dxe5 Nxe5 24. Nf4 Rxd1+ 25. Rxd1 Rd8 26. Nd5 Nxd5 27. exd5 Qd6
28. Bf1 Kf8 29. Qe4 Nf7 30. h4 Re8 31. Qf5 Qe7 32. Bc1 Qe4 33. Qxe4 Rxe4 34.
Be3 Nd6 35. Bg2 Re8 36. Rc1 b6 37. Bf4 Nf7 38. Bc7 Ke7 39. Bh3 g6 40. h5 g5 41.
Rc2 c4 42. bxc4 Bc5 43. Rb2 Nd6 44. Bxb6 Bxb6 45. Rxb6 Nxc4 46. Rc6 Ne5 47. d6+
Kf8 48. Ra6 g4 49. Bf1 Kf7 50. Be2 Rb8 51. d7 Ke7 52. Bb5 Rb7 53. Re6+ 1-0

[Event "British Championship"]
[Site "?"]
[Date "2009.08.03"]
[Round "7.14"]
[White "Kolbus, Dietmar"]
[Black "Varnam, Liam"]
[Result "0-1"]
[WhiteElo "2383"]
[BlackElo "2167"]
[PlyCount "126"]
[EventDate "2009.08.03"]

1. c4 e5 2. Nf3 e4 3. Nd4 Nc6 4. Nc2 Nf6 5. Nc3 Bc5 6. g3 O-O 7. Bg2 Re8 8. O-O
d6 9. b3 a5 10. Ne3 Nd4 11. d3 exd3 12. Qxd3 Nc6 13. a3 Bd7 14. Ra2 Ne5 15. Qc2
Bc6 16. Ned5 Bxd5 17. cxd5 Qe7 18. Bd2 c6 19. Bg5 Rac8 20. dxc6 bxc6 21. Bxf6
gxf6 22. Na4 Ba7 23. Bh3 Rb8 24. Qc3 Rb5 25. Rb1 d5 26. Qc2 Reb8 27. Nc3 Rc5
28. Qd2 Rd8 29. b4 axb4 30. axb4 Rc4 31. b5 Bxf2+ 32. Kxf2 Qc5+ 33. Kf1 Rxc3
34. bxc6 Qxc6 35. Kg1 d4 36. Bg2 Qc5 37. Kh1 Ng4 38. Qf4 Ne3 39. Raa1 Rc8 40.
h3 Nxg2 41. Kxg2 Rc2 42. Qf3 Qe5 43. Re1 d3 44. Ra3 Rd8 45. Rxd3 Rxd3 46. Qxd3
Rc3 47. Qd8+ Kg7 48. Kh1 Rxg3 49. Rg1 Rxg1+ 50. Kxg1 Qg3+ 51. Kf1 Qxh3+ 52. Kf2
Qg4 53. Qd6 h5 54. Qh2 h4 55. Qd6 h3 56. Qh2 Kg6 57. Kf1 Kg5 58. Ke1 Kh4 59.
Kd1 Qg3 60. Qh1 h2 61. Qe4+ Kg5 62. Kc2 Kh6 63. Qa8 Kg7 0-1

[Event "British Championship"]
[Site "?"]
[Date "2009.08.03"]
[Round "7.15"]
[White "Eden, Tomer"]
[Black "Lane, Gary W"]
[Result "0-1"]
[WhiteElo "2157"]
[BlackElo "2379"]
[PlyCount "44"]
[EventDate "2009.08.03"]

1. d4 d5 2. Nf3 Nf6 3. c4 c6 4. Qc2 e6 5. g3 dxc4 6. Qxc4 b5 7. Qc2 Bb7 8. Bg2
Nbd7 9. O-O c5 10. a4 b4 11. Nbd2 Rc8 12. Qd3 Be7 13. dxc5 O-O 14. Nb3 Be4 15.
Qa6 Bd5 16. Nfd4 Nxc5 17. Nxc5 Bxc5 18. Bxd5 Qxd5 19. Nf3 Ng4 20. Bd2 e5 21.
Rad1 e4 22. Be3 Qh5 0-1

[Event "British Championship"]
[Site "?"]
[Date "2009.08.03"]
[Round "7.16"]
[White "Warman, Simon M"]
[Black "Greet, Andrew"]
[Result "0-1"]
[WhiteElo "2156"]
[BlackElo "2443"]
[PlyCount "68"]
[EventDate "2009.08.03"]

1. e4 e5 2. Nf3 Nc6 3. Bb5 Nf6 4. O-O Nxe4 5. Re1 Nd6 6. Nxe5 Be7 7. Bf1 Nxe5
8. Rxe5 O-O 9. d4 Bf6 10. Re1 Nf5 11. c3 d5 12. Nd2 c6 13. Bd3 Nd6 14. Qc2 g6
15. Nf3 Bg4 16. Ne5 Bf5 17. Bxf5 Nxf5 18. Bf4 Re8 19. Qb3 g5 20. Ng4 Rxe1+ 21.
Rxe1 Bg7 22. Be5 f6 23. Qxb7 fxe5 24. Qxc6 Kh8 25. Nxe5 Nh6 26. Qb7 Qg8 27. Nf3
g4 28. Ng5 Bf6 29. Nxh7 Re8 30. Rxe8 Qxe8 31. Kf1 Qe7 32. Qxd5 Qxh7 33. Qa8+
Ng8 34. Qb7 Qxb7 0-1

[Event "British Championship"]
[Site "?"]
[Date "2009.08.03"]
[Round "7.17"]
[White "Lalic, Susan"]
[Black "Khandelwal, Ankush"]
[Result "1/2-1/2"]
[WhiteElo "2334"]
[BlackElo "2160"]
[PlyCount "85"]
[EventDate "2009.08.03"]

1. e4 c5 2. Nc3 Nc6 3. g3 g6 4. Bg2 Bg7 5. d3 d6 6. Nge2 Rb8 7. a3 e6 8. O-O
Nge7 9. Bg5 h6 10. Be3 O-O 11. d4 d5 12. exd5 exd5 13. Bf4 cxd4 14. Nb5 Qb6 15.
Bxb8 Qxb5 16. Bd6 Re8 17. Nf4 Nf5 18. a4 Qxb2 19. Ba3 Qc3 20. Nxd5 Qc4 21. Nf4
Be6 22. Nxe6 Qxe6 23. Re1 Qc8 24. Rb1 Rd8 25. Rb5 b6 26. Rd5 Rxd5 27. Bxd5 Ne5
28. Qb1 Qd7 29. Qb5 Qc8 30. Qb3 d3 31. c3 Kh7 32. Bc1 Nd6 33. Bf4 Ndc4 34. Bxe5
Nxe5 35. Rd1 Qc5 36. Bxf7 Ng4 37. Rd2 Bxc3 38. Bg8+ Kh8 39. Qf7 Bg7 40. Rxd3
Ne5 41. Qe8 Nxd3 42. Bc4+ Qf8 43. Qxf8+ 1/2-1/2

[Event "British Championship"]
[Site "?"]
[Date "2009.08.03"]
[Round "7.18"]
[White "Griffiths, Ryan-Rhys"]
[Black "Rudd, Jack"]
[Result "1/2-1/2"]
[WhiteElo "2137"]
[BlackElo "2426"]
[PlyCount "133"]
[EventDate "2009.08.03"]

1. e4 d6 2. d4 g6 3. Nc3 Bg7 4. Bg5 a6 5. Nf3 h6 6. Bh4 g5 7. Bg3 e6 8. Qd2 Ne7
9. h4 g4 10. Nh2 h5 11. f3 Ng6 12. Qf2 b5 13. Bd3 Qe7 14. fxg4 Nc6 15. e5 dxe5
16. gxh5 Nf4 17. Be4 Bb7 18. dxe5 Nxh5 19. O-O-O Rd8 20. Qf3 Nd4 21. Rxd4 Rxd4
22. Bxb7 Nxg3 23. Qxg3 Bh6+ 24. Kb1 Qxh4 25. Qxh4 Rxh4 26. g3 Rh3 27. Ng4 Rxh1+
28. Bxh1 Bd2 29. Bc6+ Ke7 30. Ne2 Rd8 31. Nf2 Be3 32. Nd3 b4 33. b3 a5 34. a3
Rb8 35. axb4 axb4 36. Kb2 Rb6 37. Bf3 c5 38. c3 Rb8 39. cxb4 cxb4 40. Kc2 Kf8
41. Nb2 Rd8 42. Nc4 Bg5 43. Bh5 Be7 44. Nf4 Kg7 45. Bf3 Rg8 46. Nd3 Kf8 47. g4
Rh8 48. Kd2 Rh2+ 49. Ke3 Rc2 50. Kd4 Kg7 51. Bd1 Rg2 52. Bf3 Rg1 53. Nd6 Rf1
54. Be4 Bh4 55. Nxb4 Rf4 56. Nd3 Rxg4 57. b4 Bd8 58. Kc5 Be7 59. Bf3 Rg3 60.
Be4 f5 61. exf6+ Kxf6 62. Kc6 Rg8 63. b5 Rd8 64. Nb7 Rc8+ 65. Kb6 Rc4 66. Nbc5
Bd8+ 67. Kb7 1/2-1/2

[Event "British Championship"]
[Site "?"]
[Date "2009.08.03"]
[Round "7.19"]
[White "Storey, Charles"]
[Black "Adair, James"]
[Result "1-0"]
[WhiteElo "2279"]
[BlackElo "2124"]
[PlyCount "145"]
[EventDate "2009.08.03"]

1. e4 c5 2. Nf3 d6 3. d4 cxd4 4. Nxd4 Nf6 5. Nc3 a6 6. Bc4 e6 7. Bb3 Nbd7 8.
O-O Nc5 9. Qe2 Be7 10. Rd1 Qc7 11. f4 O-O 12. f5 b5 13. fxe6 fxe6 14. a3 Nxb3
15. cxb3 e5 16. Nf5 Be6 17. b4 Bb3 18. Re1 h6 19. Be3 Be6 20. Rf1 Bxf5 21. Rxf5
Qb7 22. Bf2 Rac8 23. Re1 Rc4 24. Rf3 Rfc8 25. Rd3 Kh7 26. h3 R4c6 27. Kh2 Rc4
28. Qf3 Qd7 29. g4 Rf8 30. Qe2 Qe6 31. Kg3 Qf7 32. Rf3 Qg6 33. Kg2 Nh5 34. Rxf8
Bxf8 35. Bg3 Nf6 36. Qf3 Rd4 37. Re2 Be7 38. Kh2 Bd8 39. b3 d5 40. exd5 Rd3 41.
Re3 e4 42. Nxe4 Rxe3 43. Nxf6+ Bxf6 44. Qxe3 Qc2+ 45. Qf2 Qxb3 46. Qf5+ Kg8 47.
Qe6+ Kh7 48. h4 Qxa3 49. Qf5+ Kg8 50. g5 hxg5 51. hxg5 Qxb4 52. Qe6+ Kh7 53.
gxf6 Qd2+ 54. Kh3 Qh6+ 55. Bh4 g5 56. Qf5+ Qg6 57. Qxg5 Qd3+ 58. Bg3 Qf1+ 59.
Kg4 Qd1+ 60. Kh3 Qh1+ 61. Bh2 Qf3+ 62. Kh4 Qe4+ 63. Bf4 Qh1+ 64. Kg3 Qg1+ 65.
Kf3 Qf1+ 66. Ke3 Qe1+ 67. Kd4 Qb4+ 68. Ke5 Qc3+ 69. Kd6 Qa3+ 70. Kd7 Qf8 71.
Qh5+ Kg8 72. Qg6+ Kh8 73. f7 1-0

[Event "British Championship"]
[Site "?"]
[Date "2009.08.03"]
[Round "7.20"]
[White "White, Michael"]
[Black "Gavriel, Tryfon"]
[Result "1-0"]
[WhiteElo "2259"]
[BlackElo "2138"]
[PlyCount "63"]
[EventDate "2009.08.03"]

1. Nf3 f5 2. d3 Nc6 3. e4 e5 4. Nc3 Bc5 5. Nxe5 Nf6 6. Nxc6 dxc6 7. Be2 Ng4 8.
Bxg4 fxg4 9. O-O Qh4 10. d4 Bb6 11. Ne2 Be6 12. b3 g5 13. c4 O-O-O 14. Qc2 a6
15. c5 Ba7 16. Be3 Rhg8 17. Rfb1 Rg6 18. Ng3 Rf8 19. Nf1 Rf3 20. b4 Rh3 21.
gxh3 Qxh3 22. a4 Qf3 23. Ng3 Rh6 24. Bxg5 Rh3 25. Qd2 h5 26. Qf4 Qxf4 27. Bxf4
h4 28. Nf5 Rf3 29. Be3 h3 30. Rc1 Kd7 31. b5 cxb5 32. axb5 1-0

[Event "British Championship"]
[Site "?"]
[Date "2009.08.03"]
[Round "7.21"]
[White "Sugden, John N"]
[Black "Bonafont, Philip"]
[Result "1/2-1/2"]
[WhiteElo "2217"]
[BlackElo "2124"]
[PlyCount "48"]
[EventDate "2009.08.03"]

1. d4 d5 2. Nf3 Nf6 3. c4 dxc4 4. e3 Bg4 5. Bxc4 e6 6. Nbd2 Nbd7 7. O-O Bd6 8.
b3 O-O 9. h3 Bh5 10. Bb2 Qe7 11. Be2 e5 12. dxe5 Nxe5 13. Nxe5 Bxe2 14. Qxe2
Bxe5 15. Bxe5 Qxe5 16. Nf3 Qa5 17. Rfd1 Rad8 18. Rac1 c6 19. Rxd8 Rxd8 20. Rd1
Rd5 21. Rxd5 Qxd5 22. Qd2 c5 23. Kf1 Kf8 24. Ke2 b6 1/2-1/2

[Event "British Championship"]
[Site "?"]
[Date "2009.08.03"]
[Round "7.22"]
[White "Cumbers, Paul"]
[Black "Gill, Neville"]
[Result "1-0"]
[WhiteElo "2207"]
[BlackElo "2111"]
[PlyCount "61"]
[EventDate "2009.08.03"]

1. d4 d5 2. c4 e6 3. Nc3 Nf6 4. cxd5 Nxd5 5. e4 Nxc3 6. bxc3 c5 7. Nf3 cxd4 8.
cxd4 Bb4+ 9. Bd2 Bxd2+ 10. Qxd2 O-O 11. Bc4 Nc6 12. O-O b6 13. Rad1 Bb7 14.
Rfe1 Rc8 15. d5 exd5 16. Bxd5 Qc7 17. Qg5 h6 18. Qh5 Rfd8 19. Rc1 Qf4 20. g3
Qf6 21. Kg2 Na5 22. Rxc8 Bxc8 23. Rc1 Be6 24. Rc7 Bxd5 25. exd5 g5 26. Ne5 Rf8
27. Ng4 Qd8 28. Qxh6 Qxd5+ 29. Kh3 Qf5 30. f4 gxf4 31. Kh4 1-0

[Event "British Championship"]
[Site "?"]
[Date "2009.08.03"]
[Round "7.23"]
[White "Jones, William GE"]
[Black "Ross, Chris"]
[Result "1/2-1/2"]
[WhiteElo "2052"]
[BlackElo "2203"]
[PlyCount "89"]
[EventDate "2009.08.03"]

1. e4 c5 2. Nf3 e6 3. d4 cxd4 4. Nxd4 Nc6 5. Nc3 Qc7 6. Be3 a6 7. Qd2 Nf6 8.
O-O-O Bb4 9. f3 Ne5 10. Nb3 Bxc3 11. Qxc3 Qxc3 12. bxc3 Nc6 13. c4 O-O 14. Bc5
Re8 15. Bd6 Rd8 16. e5 Ne8 17. f4 Nxd6 18. Rxd6 Kf8 19. c5 b6 20. Be2 b5 21.
Kb2 Bb7 22. Ra1 Ke8 23. a4 b4 24. a5 Rdc8 25. Ra4 Rab8 26. Kc1 Ke7 27. Kd2 f6
28. exf6+ gxf6 29. Kd3 e5 30. g3 exf4 31. gxf4 Rg8 32. Bf3 Rg1 33. Kc4 Rf1 34.
Bxc6 Bxc6 35. Rxb4 Rxb4+ 36. Kxb4 Rxf4+ 37. Kc3 Rf3+ 38. Kb4 Rf4+ 39. Nd4 Rh4
40. c4 Be4 41. Rxa6 f5 42. Ra7 Kd8 43. a6 Rh6 44. c6 Bxc6 45. Nxf5 1/2-1/2

[Event "British Championship"]
[Site "?"]
[Date "2009.08.03"]
[Round "7.24"]
[White "Ynojosa, Felix"]
[Black "Shaw, Peter"]
[Result "1-0"]
[WhiteElo "2188"]
[BlackElo "2123"]
[PlyCount "57"]
[EventDate "2009.08.03"]

1. e4 e6 2. d4 d5 3. exd5 exd5 4. Nf3 Bd6 5. Bd3 Ne7 6. Bg5 O-O 7. c3 f6 8. Be3
Bf5 9. Nh4 Bxd3 10. Qxd3 c6 11. f4 Qe8 12. O-O Qh5 13. g3 Nd7 14. f5 Nb6 15.
Nd2 Rae8 16. Rf2 Nbc8 17. Rg2 Bb8 18. Bf2 Nd6 19. g4 Qf7 20. Rf1 Nec8 21. Ng6
Ne4 22. Nxf8 Nxd2 23. Qxd2 Kxf8 24. g5 fxg5 25. Qxg5 Nd6 26. f6 gxf6 27. Qh6+
Ke7 28. Bh4 Ne4 29. Kh1 1-0

[Event "British Championship"]
[Site "?"]
[Date "2009.08.03"]
[Round "7.25"]
[White "Birtwistle, Nigel"]
[Black "Sen, Subin"]
[Result "1/2-1/2"]
[WhiteElo "2186"]
[BlackElo "2093"]
[PlyCount "50"]
[EventDate "2009.08.03"]

1. d4 Nf6 2. c4 g6 3. Nc3 d5 4. h4 h6 5. cxd5 Nxd5 6. e4 Nxc3 7. bxc3 Bg7 8.
Be3 c5 9. Qd2 Qa5 10. Rb1 Be6 11. Rb5 Qxa2 12. Qxa2 Bxa2 13. Rxc5 O-O 14. Bd3
a5 15. Ne2 a4 16. O-O Nc6 17. Ra1 Bb3 18. Bc1 Rfc8 19. Bb5 e6 20. d5 exd5 21.
exd5 Ne5 22. Rxc8+ Rxc8 23. d6 Rd8 24. Ba3 Bf8 25. Nd4 Bxd6 1/2-1/2

[Event "British Championship"]
[Site "?"]
[Date "2009.08.03"]
[Round "7.26"]
[White "Surtees, Michael"]
[Black "Tunks, Dominic"]
[Result "1-0"]
[WhiteElo "2149"]
[BlackElo "2083"]
[PlyCount "79"]
[EventDate "2009.08.03"]

1. e4 c5 2. c3 b6 3. Na3 Bb7 4. f3 g6 5. d4 cxd4 6. cxd4 Bg7 7. Be3 h5 8. Nh3
d5 9. e5 Nh6 10. Bd3 Bc8 11. Nf2 Nf5 12. Nc2 Nxe3 13. Nxe3 Bh6 14. Qe2 Nc6 15.
Nc2 Rg8 16. O-O Be6 17. Bb5 Qc7 18. Nb4 Bd7 19. Bxc6 Bxc6 20. Rac1 Bxc1 21.
Rxc1 Qb7 22. Rxc6 e6 23. Rc3 Kf8 24. Qd2 Kg7 25. Nd1 Rac8 26. h3 Rxc3 27. Nxc3
Rc8 28. Nb5 Qe7 29. Nd6 Rc7 30. Na6 Rd7 31. Nb8 Rc7 32. Na6 Rd7 33. b4 Kh7 34.
b5 Kg7 35. a4 Kh7 36. Nb4 Qh4 37. Qe3 Qg3 38. Nc6 Kg8 39. Ne8 Rb7 40. Qh6 1-0

[Event "British Championship"]
[Site "?"]
[Date "2009.08.03"]
[Round "7.27"]
[White "Jones, Victor GL"]
[Black "Raoof, Adam"]
[Result "0-1"]
[WhiteElo "2076"]
[BlackElo "2144"]
[PlyCount "94"]
[EventDate "2009.08.03"]

1. e4 e6 2. d4 d5 3. Nc3 Bb4 4. e5 c5 5. a3 Bxc3+ 6. bxc3 Qa5 7. Bd2 Qa4 8. Qb1
c4 9. h4 Nc6 10. h5 h6 11. g3 Bd7 12. Ne2 Nge7 13. Bh3 O-O-O 14. Nf4 Kb8 15.
O-O Ka8 16. Kh2 Rb8 17. Ng2 Qa5 18. Qd1 Rbg8 19. f4 g6 20. hxg6 fxg6 21. Ne3 h5
22. g4 hxg4 23. Nxg4 Nf5 24. Nf6 Qd8 25. Rg1 Rg7 26. Rg5 Nce7 27. Qe2 Ba4 28.
Ra2 Ng8 29. Ng4 Qb6 30. Qd1 Rgh7 31. Nf2 Nge7 32. Kg2 Nh4+ 33. Kg1 Nf3+ 34.
Qxf3 Qb1+ 35. Kg2 Qxa2 36. Bxe6 Qxc2 37. Be3 Nf5 38. Bxf5 gxf5 39. Qg3 Rh2+ 40.
Qxh2 Rxh2+ 41. Kxh2 a6 42. e6 Qxc3 43. Rg3 Qe1 44. e7 Ka7 45. Nh3 c3 46. Nf2 c2
47. Nd3 Qe2+ 0-1

[Event "British Championship"]
[Site "?"]
[Date "2009.08.03"]
[Round "7.28"]
[White "Galliano, Alexander"]
[Black "Yeo, Michael J"]
[Result "1-0"]
[WhiteElo "2050"]
[BlackElo "2136"]
[PlyCount "81"]
[EventDate "2009.08.03"]

1. e4 e5 2. Nf3 Nc6 3. Bc4 Nf6 4. d4 exd4 5. O-O Bc5 6. e5 Ng4 7. Bf4 d6 8.
exd6 Bxd6 9. Re1+ Kf8 10. Bxd6+ Qxd6 11. h3 Nf6 12. c3 Bf5 13. cxd4 Rd8 14. Nc3
Nxd4 15. Nxd4 Qxd4 16. Qb3 Qb6 17. Rad1 Rxd1 18. Qxd1 g6 19. Nd5 Nxd5 20. Qxd5
Be6 21. Qe5 Rg8 22. Rd1 Ke7 23. Bxe6 Qxe6 24. Qxc7+ Kf8 25. Rd8+ Kg7 26. Qc3+
f6 27. Qc7+ Kh6 28. Rd7 Qe1+ 29. Kh2 Qe5+ 30. Qxe5 fxe5 31. Rxb7 a6 32. Rb6 Rd8
33. f3 Rd2 34. a4 Kg5 35. b4 Kf4 36. Rxa6 Ke3 37. Re6 Kf2 38. Rxe5 h6 39. Rc5
Rd4 40. Rc2+ Ke3 41. Rc6 1-0

[Event "British Championship"]
[Site "?"]
[Date "2009.08.03"]
[Round "7.29"]
[White "Lemoir, David A"]
[Black "Salimbeni, George"]
[Result "0-1"]
[WhiteElo "2009"]
[BlackElo "2115"]
[PlyCount "90"]
[EventDate "2009.08.03"]

1. e4 e5 2. Nf3 Nc6 3. Bb5 a6 4. Ba4 Nf6 5. d3 b5 6. Bb3 Be7 7. c3 d6 8. Nbd2
O-O 9. Nf1 Re8 10. Ne3 h6 11. h3 Bf8 12. g4 Na5 13. Bc2 d5 14. Qe2 c5 15. g5
hxg5 16. Nxg5 d4 17. Ng4 c4 18. Nxf6+ Qxf6 19. Bd2 dxc3 20. bxc3 Bc5 21. Rd1
cxd3 22. Bxd3 Rd8 23. Be3 Bxe3 24. Qxe3 Be6 25. Nxe6 Qxe6 26. O-O Rac8 27. Bb1
Nc4 28. Qg3 Nd2 29. Rfe1 Qc4 30. Re3 Rd6 31. Qg2 Rcd8 32. Kh1 Nxb1 33. Rxb1
Qxa2 34. Rg1 g6 35. Qh2 Qe6 36. Rg5 Rd1+ 37. Kg2 Re8 38. h4 Rd2 39. h5 Qf6 40.
Qg3 Rxf2+ 41. Qxf2 Qxg5+ 42. Rg3 Qxh5 43. Qf6 Qe2+ 44. Kg1 Qe1+ 45. Kh2 Qxe4
0-1

[Event "British Championship"]
[Site "?"]
[Date "2009.08.03"]
[Round "7.30"]
[White "McClement, Andrew"]
[Black "Reynolds, D Ian W"]
[Result "0-1"]
[WhiteElo "1893"]
[BlackElo "2092"]
[PlyCount "144"]
[EventDate "2009.08.03"]

1. Nf3 Nf6 2. c4 e6 3. g3 b6 4. Bg2 Bb7 5. O-O c5 6. Nc3 Be7 7. d4 cxd4 8. Qxd4
d6 9. Rd1 a6 10. Bg5 Nbd7 11. Bxf6 Nxf6 12. e4 e5 13. Qe3 Qc7 14. Rac1 O-O 15.
Ne1 Rab8 16. Qe2 Bc6 17. b3 Qb7 18. Nc2 Rfc8 19. Qd3 Bf8 20. Ne3 g6 21. a4 Qd7
22. Ra1 Rc7 23. b4 Ba8 24. Rdb1 Rbc8 25. Ncd1 Rb8 26. a5 b5 27. cxb5 Qxb5 28.
Qxb5 Rxb5 29. Bf1 Rb8 30. Bxa6 Bxe4 31. Rb3 d5 32. b5 Ra7 33. Nc3 Bf3 34. Na4
Rxa6 35. bxa6 Rxb3 36. a7 d4 37. Nc4 Nd7 38. Nab6 Nxb6 39. Nxb6 d3 40. a8=Q
Bxa8 41. Nxa8 Bc5 42. a6 Rb2 43. a7 Rxf2 44. Kh1 Bxa7 45. Rxa7 d2 46. Rd7 Rf1+
47. Kg2 d1=Q 48. Rxd1 Rxd1 49. Nb6 f5 50. Nc4 e4 51. h4 Kf7 52. Kf2 Kf6 53. Ke2
Rd3 54. Ne3 Rxe3+ 55. Kxe3 Ke5 56. Ke2 h6 57. Ke3 g5 58. hxg5 hxg5 59. Ke2 f4
60. gxf4+ gxf4 61. Kf2 Kd4 62. Ke2 f3+ 63. Kd2 e3+ 64. Kd1 Kc3 65. Ke1 e2 66.
Kf2 Kd2 67. Kxf3 e1=Q 68. Kf4 Qe6 69. Kg5 Ke3 70. Kh4 Qg6 71. Kh3 Kf3 72. Kh4
Qg4# 0-1

[Event "British Championship"]
[Site "?"]
[Date "2009.08.03"]
[Round "7.31"]
[White "Hegarty, Sarah"]
[Black "Addison, Bret"]
[Result "1/2-1/2"]
[WhiteElo "2098"]
[BlackElo "2266"]
[PlyCount "70"]
[EventDate "2009.08.03"]

1. e4 e5 2. Bc4 Nf6 3. d3 Nc6 4. Nf3 Be7 5. c3 d6 6. a4 O-O 7. O-O Na5 8. Ba2
c5 9. Nbd2 Nc6 10. Re1 h6 11. Nf1 Be6 12. Bxe6 fxe6 13. Ng3 Qd7 14. Bd2 Rf7 15.
b4 cxb4 16. cxb4 Nd4 17. Nxd4 exd4 18. f3 Nh7 19. Qb3 Bf6 20. b5 Be5 21. Ne2
Bf6 22. Ng3 Be5 23. Ne2 Bf6 24. f4 Kh8 25. a5 Rc8 26. Rac1 Rff8 27. Qb4 e5 28.
b6 axb6 29. Qxb6 d5 30. fxe5 Bxe5 31. Nxd4 Rxc1 32. Bxc1 dxe4 33. Rxe4 Qd5 34.
Nf3 Bc3 35. Qe3 Bxa5 1/2-1/2

[Event "British Championship"]
[Site "?"]
[Date "2009.08.03"]
[Round "7.32"]
[White "Rocks, Daniel"]
[Black "Anderson, John"]
[Result "1/2-1/2"]
[WhiteElo "2037"]
[BlackElo "2266"]
[PlyCount "67"]
[EventDate "2009.08.03"]

1. e4 c5 2. Nf3 Nc6 3. Bb5 g6 4. O-O Bg7 5. c3 Nf6 6. Re1 O-O 7. d4 d5 8. exd5
Nxd5 9. dxc5 Nc7 10. Be2 e5 11. Nbd2 Ne6 12. Ne4 f5 13. Neg5 h6 14. Nxe6 Bxe6
15. Qa4 Kh8 16. Bc4 Bd7 17. Qc2 Qe7 18. b4 e4 19. Nd4 Nxd4 20. cxd4 Bxd4 21.
Bxh6 Bxa1 22. Bxf8 Qf6 23. Qc1 Qxf8 24. Qxa1+ Qg7 25. Qxg7+ Kxg7 26. Rd1 Be8
27. Rd6 a5 28. Rb6 axb4 29. Rxb7+ Kh6 30. h4 g5 31. hxg5+ Kxg5 32. Rxb4 Ra5 33.
a4 Bxa4 34. Kf1 1/2-1/2